| 000 | 00841cam a22002775a 4500 | ||
|---|---|---|---|
| 001 | 15410135 | ||
| 005 | 20160302154639.0 | ||
| 008 | 080812t2009 nyua frb 001 0 eng d | ||
| 020 | _a9780387793771 (hbk.) | ||
| 020 | _a0387793771 (hbk.) | ||
| 040 |
_aUKM _cUKM _dDLC _dEG-ScBUE _beng |
||
| 082 | 0 | 4 |
_222 _a615.854 _bKAU |
| 100 | 1 |
_aKaur, Meera. _939476 |
|
| 245 | 1 | 0 |
_aMedical foods from natural sources / _cMeera Kaur. |
| 260 |
_aNew York : _bSpringer, _cc.2009. |
||
| 300 |
_axxvii, 207 p. : _bill. ; _c24 cm. |
||
| 500 | _aIndex : p. 203-207. | ||
| 504 | _aBibliography : p. 185-202. | ||
| 650 | 0 |
_aElemental diet. _2BUEsh |
|
| 650 | 0 |
_aEnteral feeding. _2BUEsh |
|
| 650 | 0 |
_aNatural foods _xHealth aspects. _2BUEsh |
|
| 650 | 0 |
_aNatural foods _xProcessing. _2BUEsh |
|
| 651 | _2BUEsh | ||
| 653 |
_bPPhrm _cMarch2016 |
||
| 942 | _2ddc | ||
| 999 |
_c21310 _d21282 |
||